| 000 | 00955nac a22002531u 4500 | ||
|---|---|---|---|
| 010 | _a 2005011195 | ||
| 020 | _a1593373503 | ||
| 082 | 0 | 0 |
_a658.3 _bHIC |
| 090 |
_c7442 _d7442 |
||
| 100 | _aHickman, Craig R. | ||
| 245 | 1 | 0 |
_aManagement malpractice : _bhow to cure unhealthy management practices that disable your organization / _cCraig R. Hickman. |
| 260 |
_aAvon, Mass. : _bPlatinum Press,c2005. _cc2005. |
||
| 300 |
_aix, 262 p. ; _c20 cm. |
||
| 500 | _aIncludes index. | ||
| 500 | _aDistributer: Al-Ahram. | ||
| 511 | _aCatalogued By: Mahitab. | ||
| 650 | 0 |
_aManagement _zUnited States. |
|
| 650 | 0 |
_aResponsibility _zUnited States. |
|
| 650 | 0 |
_aCorporate culture _zUnited States. |
|
| 650 | 0 |
_aOrganizational effectiveness _zUnited States. |
|
| 650 | 0 |
_aBusiness ethics _zUnited States. |
|
| 856 | 4 | 1 |
_3Table of contents _uhttp://www.loc.gov/catdir/toc/ecip0511/2005011195.html |
| 942 |
_cBB _k658.3HIC |
||
| 999 |
_c7442 _d7442 |
||